Krize jako příležitost
Hovoriť v súvislosti s finančnou krízou a rastúcou nezamestnanosťou o pozitívach môže vyzerať ako rúhanie. Pri bližšej analýze zistíme, že dôsledky hospodárskej recesie sú ďaleko komplexnejšie, vedľa negatívnych sa nájde aj veľa príležitostí.
Gespeichert in:
| 1. Verfasser: | |
|---|---|
| Format: | Buchkapitel |
| Sprache: | Tschechisch |
| Schlagworte: | |
| Tags: |
Keine Tags, Fügen Sie das erste Tag hinzu!
|
MARC
| LEADER | 00000naa a2200000 4500 | ||
|---|---|---|---|
| 001 | 0117516 | ||
| 005 | 20231113132255.6 | ||
| 041 | 0 | |a cze | |
| 044 | |a CZ | ||
| 245 | 1 | 0 | |a Krize jako příležitost |c Radek Špicar |
| 520 | |a Hovoriť v súvislosti s finančnou krízou a rastúcou nezamestnanosťou o pozitívach môže vyzerať ako rúhanie. Pri bližšej analýze zistíme, že dôsledky hospodárskej recesie sú ďaleko komplexnejšie, vedľa negatívnych sa nájde aj veľa príležitostí. | ||
| 610 | 2 | 0 | |a kríza hospodárska |
| 610 | 2 | 0 | |a Česko |
| 100 | 1 | |a Špicar, Radek | |